Rajnaitik padhyati. (Record no. 968)
[ view plain ]
| 000 -LEADER | |
|---|---|
| fixed length control field | 00481cam a2200181ua 4500 |
| 008 - FIXED-LENGTH DATA ELEMENTS--GENERAL INFORMATION | |
| fixed length control field | 110427n ii |||gr||||Z||||||eng |
| 040 ## - CATALOGING SOURCE | |
| Transcribing agency | MAIN |
| 082 ## - DEWEY DECIMAL CLASSIFICATION NUMBER | |
| Classification number | 324 |
| 245 1# - TITLE STATEMENT | |
| Title | Rajnaitik padhyati. |
| Statement of responsibility, etc. | By Birendrakumar Talukder. |
| 250 ## - EDITION STATEMENT | |
| Edition statement | 1st. |
| 260 ## - PUBLICATION, DISTRIBUTION, ETC. | |
| Place of publication, distribution, etc. | Dibrugarh.: |
| Name of publisher, distributor, etc. | Pathyaputhi prastuti samannay samiti.,975. |
| 300 ## - PHYSICAL DESCRIPTION | |
| Extent | 438 p.: |
| Dimensions | 21 cm. |
| 700 ## - ADDED ENTRY--PERSONAL NAME | |
| Personal name | Talukder, Birendrakumar., |
| 942 ## - ADDED ENTRY ELEMENTS (KOHA) | |
| Koha item type | Books |
| 653 ## - INDEX TERM--UNCONTROLLED | |
| Uncontrolled term | Political science. |
| 653 ## - INDEX TERM--UNCONTROLLED | |
| Uncontrolled term | Rajnaitik paddhati. |
| Withdrawn status | Lost status | Damaged status | Not for loan | Home library | Current library | Shelving location | Date acquired | Total Checkouts | Full call number | Barcode | Date last seen | Copy number | Price effective from | Koha item type |
|---|---|---|---|---|---|---|---|---|---|---|---|---|---|---|
| Central Library, Naharkatiya College | Central Library, Naharkatiya College | General Stacks | 19/09/2020 | 324 | TAL | 410-a | 19/09/2020 | 1 | 19/09/2020 | Books | |||||
| Central Library, Naharkatiya College | Central Library, Naharkatiya College | General Stacks | 19/09/2020 | 324 | TAL | 412-a | 19/09/2020 | 2 | 19/09/2020 | Books |
